000 00611nam a22002052 4500
001 0000007352
005 20151217145836.0
008 080114s xx 000 0 eng d
020 _a0153195819 :
_cKES
040 _aKABU
_cKABU
100 1 _aVerderber, Rudolph F.
_@0000152191
245 1 0 _aSpeech :
_bfor effective communication /
_cRudolph F. Verderber.
260 _aChicago :
_bHarcourt Brace,
_c1988.
300 _axxix, 642 p.
650 0 _aCommunication.
_@0000151592
650 0 _aPublic speaking.
_@0000152161
908 _a080114
950 _@1
999 _c3179
_d3179